000
00325nam a2200133Ia 4500
008
240624s9999 xx 000 0 und d
041
_a
eng
082
_a
338.7 HAI
100
_a
HAIKIO MARTTI
245
_a
NOKIA THE INSIDE STORY
260
_c
2002
_a
London
_b
FT Prentice Hall
300
_a
254 : p. : cm. ; 24
365
_c
RS
999
_c
26993
_d
26993